[Event "Jerusalem Israel op"]
[Site "Jerusalem"]
[Date "2019.12.16"]
[Round "4"]
[White "Tsyn, Igor"]
[Black "Uritsky, Yonathan"]
[Result "1-0"]
[WhiteElo "2154"]
[BlackElo "1881"]
[PlyCount "99"]
[EventDate "2019.12.12"]
[EventType "swiss"]
[EventRounds "9"]
[EventCountry "ISR"]
[SourceTitle "CBM 193 Extra"]
[Source "ChessBase"]
[SourceDate "2020.01.31"]
[SourceVersion "1"]
[SourceVersionDate "2020.01.31"]
[SourceQuality "1"]

1. e4 c5 2. Nf3 Nc6 3. Bb5 Nf6 4. e5 Nd5 5. 0-0 g6 6. Re1 Bg7 7. c3 0-0 8. d4 cxd4 9. cxd4 d6 10. h3 Bf5 11. Bxc6 bxc6 12. Na3 Rb8 13. Nc4 Qc7 14. Bd2 Rfc8 15. Rc1 Qd7 16. b3 Nb4 17. Bxb4 Rxb4 18. exd6 exd6 19. d5 h5 20. Ne3 Be4 21. Nc2 Bxc2 22. Rxc2 c5 23. Qd3 a5 24. Rce2 Bf6 25. Nd2 a4 26. Qf3 Be5 27. Nc4 f6 28. Nxe5 fxe5 29. Qf6 Kh7 30. f4 Rxf4 31. Qxf4 exf4 32. Re7+ Qxe7 33. Rxe7+ Kh6 34. Rd7 axb3 35. axb3 Rb8 36. Rxd6 Rxb3 37. Rc6 Rc3 38. d6 Rd3 39. Kf2 Rd5 40. Kf3 Kg5 41. Ke4 Rd2 42. Rxc5+ Kf6 43. Rd5 Re2+ 44. Kxf4 Re8 45. d7 Rd8 46. Rd6+ Kg7 47. Ke5 Kf7 48. h4 Ke7 49. Rxg6 Kxd7 50. Rd6+ 1-0

[Event "Jerusalem Israel op"]
[Site "Jerusalem"]
[Date "2019.12.13"]
[Round "2"]
[White "Tsyn, Igor"]
[Black "Flom, Gabriel"]
[Result "0-1"]
[WhiteElo "2154"]
[BlackElo "2506"]
[PlyCount "118"]
[EventDate "2019.12.12"]
[EventType "swiss"]
[EventRounds "9"]
[EventCountry "ISR"]
[SourceTitle "CBM 193 Extra"]
[Source "ChessBase"]
[SourceDate "2020.01.31"]
[SourceVersion "1"]
[SourceVersionDate "2020.01.31"]
[SourceQuality "1"]

1. e4 c5 2. Nf3 d6 3. d4 cxd4 4. Nxd4 Nf6 5. Nc3 Nc6 6. Be2 e5 7. Nf3 Be7 8. 0-0 0-0 9. Re1 Be6 10. Ng5 Bd7 11. Nf3 Rc8 12. Bg5 Be6 13. Bf1 Qb6 14. Na4 Qa5 15. c4 Nd4 16. Nxd4 exd4 17. Bd2 Qc7 18. b3 Ng4 19. f4 f5 20. Bd3 Ne3 21. Bxe3 dxe3 22. exf5 Bf7 23. Be4 Bf6 24. Rc1 Rfe8 25. Bd5 Qa5 26. Bxf7+ Kxf7 27. Qd3 Qd2 28. Rcd1 Qf2+ 29. Kh1 e2 30. Rb1 Qxf4 31. Rxe2 Rxe2 32. Qxe2 Re8 33. Qf1 Qxf1+ 34. Rxf1 Re2 35. g3 Rxa2 36. Rf3 Rc2 37. h3 Be5 38. Rd3 b6 39. Kg1 Kf6 40. Rf3 Kg5 41. Kh1 h5 42. Kg1 a6 43. Kh1 b5 44. cxb5 axb5 45. Nb6 h4 46. gxh4+ Kxh4 47. Nd5 Rh2+ 48. Kg1 Rxh3 49. Kf2 Rh2+ 50. Ke3 Kg5 51. Nc7 b4 52. Nd5 Rh4 53. Rf1 Rh3+ 54. Rf3 Rxf3+ 55. Kxf3 Kxf5 56. Nxb4 g5 57. Nd3 g4+ 58. Ke3 d5 59. Ne1 Bc7 0-1

[Event "Cyprus op 1st"]
[Site "Larnaka"]
[Date "2019.10.27"]
[Round "3"]
[White "Tsyn, Igor"]
[Black "Mirzoev, Azer"]
[Result "0-1"]
[WhiteElo "2129"]
[BlackElo "2472"]
[PlyCount "156"]
[EventDate "2019.10.25"]
[EventType "swiss"]
[EventRounds "9"]
[EventCountry "CYP"]
[SourceTitle "CBM 192 Extra"]
[Source "Chessbase"]
[SourceDate "2019.11.06"]
[SourceVersion "1"]
[SourceVersionDate "2019.11.06"]
[SourceQuality "1"]

1. e4 c5 2. Nf3 Nc6 3. Bb5 g6 4. Bxc6 bxc6 5. 0-0 Bg7 6. Re1 Nh6 7. c3 0-0 8. h3 d6 9. d4 cxd4 10. cxd4 f6 11. Nc3 Nf7 12. Qe2 Bd7 13. Bf4 e5 14. dxe5 fxe5 15. Be3 h6 16. Rad1 Kh7 17. Rd2 Be6 18. Red1 Qc8 19. Rc1 Qb7 20. b3 Rfd8 21. Na4 Rac8 22. Rdc2 Rd7 23. Nd2 c5 24. f3 Nd8 25. Rc3 Nc6 26. Kh2 Nd4 27. Qd3 Rf8 28. Rf1 Rdf7 29. Rf2 h5 30. Nb2 Bh6 31. Bxh6 Kxh6 32. Qe3+ Kg7 33. Qg5 Qe7 34. Qxe7 Rxe7 35. Nd3 g5 36. Nc4 Rd7 37. Kg3 h4+ 38. Kh2 Kf6 39. Ne3 Rb8 40. Nc4 Ke7 41. Ndb2 a5 42. Na4 Ra7 43. Ne3 Bd7 44. Nb6 Be6 45. Nbd5+ Kf7 46. Rc4 Bd7 47. Rb2 Rab7 48. Rc1 a4 49. Nc4 Ke6 50. Na5 Ra7 51. Nc4 axb3 52. axb3 Bc6 53. Nde3 Rxb3 54. Rxb3 Nxb3 55. Rb1 Nd4 56. Rb6 Ra2 57. Kg1 Kd7 58. Rb8 Ne2+ 59. Kf2 Nf4+ 60. Kg1 Kc7 61. Rg8 Bb5 62. Rxg5 Ra4 63. Nd2 c4 64. Rg4 c3 65. Rxf4 cxd2 66. Rf7+ Kc6 67. Kf2 Ra1 68. Nd5 d1N+ 69. Kg1 Ne3+ 70. Kf2 Ra2+ 71. Kg1 Nxd5 72. exd5+ Kxd5 73. Rh7 Ra4 74. g3 Ra1+ 75. Kf2 Ra2+ 76. Kg1 hxg3 77. h4 Rh2 78. h5 Be2 0-1

[Event "Netanya op"]
[Site "Netanya"]
[Date "2019.07.02"]
[Round "9"]
[White "Tsyn, Igor"]
[Black "Aroesti, Roee"]
[Result "1/2-1/2"]
[WhiteElo "2002"]
[BlackElo "2233"]
[PlyCount "136"]
[EventDate "2019.06.23"]
[EventType "swiss"]
[EventRounds "9"]
[EventCountry "ISR"]
[SourceTitle "EXT 2020"]
[Source "ChessBase"]
[SourceDate "2019.10.17"]
[SourceVersion "1"]
[SourceVersionDate "2019.10.17"]
[SourceQuality "1"]

1. e4 c5 2. Nf3 Nc6 3. Bb5 g6 4. Bxc6 bxc6 5. 0-0 Bg7 6. Nc3 d6 7. d3 Nf6 8. h3 0-0 9. Be3 Rb8 10. Rb1 e5 11. Qd2 Nh5 12. Nh2 f5 13. exf5 gxf5 14. f4 exf4 15. Bf2 Qa5 16. Ne4 Qxd2 17. Nxd2 Be6 18. b3 Bc3 19. Rbd1 Bd5 20. Nb1 Bf6 21. c4 Bf7 22. Nf3 Ng3 23. Rfe1 Rfe8 24. d4 cxd4 25. Bxd4 Bxd4+ 26. Nxd4 Bh5 27. Nf3 Rxe1+ 28. Rxe1 Re8 29. Rxe8+ Bxe8 30. Nd4 Kf7 31. Nd2 Kf6 32. N2f3 Ne4 33. Ne2 Bh5 34. Nxf4 Bxf3 35. gxf3 Nc3 36. Nd3 Nxa2 37. Kf2 a5 38. f4 Nb4 39. Nc1 Nc2 40. Ke2 Kg6 41. Kd3 Nb4+ 42. Ke3 d5 43. c5 Kh5 44. Ne2 Kh4 45. Nd4 Kxh3 46. Nxf5 Kg4 47. Nd4 h5 48. f5 Na6 49. f6 Nxc5 50. f7 Nd7 51. Nxc6 Kf5 52. Nxa5 Kf6 53. Kf4 d4 54. Nc4 d3 55. Nd2 Kxf7 56. Kg5 Nf6 57. Kf4 Nd5+ 58. Kg5 Nf6 59. Kf4 Kg6 60. Ke3 h4 61. Kxd3 h3 62. Nf1 Kf5 63. Ke3 Kg4 64. Kf2 Nd5 65. Kg1 Kf3 66. Kh2 Kg4 67. Nd2 Nc3 68. b4 Kf4 1/2-1/2